|
|
|
|
| LEADER |
00000nab a2200000 a 4500 |
| 001 |
vtls000602008 |
| 003 |
SK-MaSNL |
| 005 |
20260303014252.0 |
| 008 |
160321c1996 xo 0 cze |
| 015 |
|
|
|a SNBRB19rr/mm-uuuuu
|
| 035 |
|
|
|a CL0602147
|
| 040 |
|
|
|a SNKBUCL
|b slo
|c SNKBUCL
|e AACR2
|
| 041 |
0 |
|
|a cze
|
| 044 |
|
|
|a xo
|c SK
|
| 080 |
|
|
|a 61-051:616.2
|2 1981
|
| 080 |
|
|
|a 616.2
|2 1981
|
| 080 |
|
|
|a 929 Měřička, Otakar
|2 1981
|
| 100 |
1 |
|
|a Votava, Vladimír
|4 aut
|9 452014
|
| 245 |
1 |
0 |
|a K šedesátinám doc. MUDr. Otakara Měřičky, CSc.
|c Vladimír Votava
|
| 600 |
1 |
7 |
|a Měřička, Otakar
|d 1936-
|x profily
|2 snkbucl
|9 995894
|
| 650 |
0 |
7 |
|a Měřička, Otakar
|2 snkbucl
|9 995895
|
| 655 |
|
7 |
|a články z novín a časopisov
|2 snkbucl
|9 267496
|
| 773 |
0 |
|
|x 0371-2222
|t Studia pneumologica et phtiseologica
|g Roč. 56, č. 3 (1996), s. 142
|
| 850 |
|
|
|a Slovenská národná knižnica v Martine
|a MTA001
|
| 852 |
|
|
|a SNK
|b KIS3GCP
|
| 958 |
|
|
|a BC
|
| 958 |
|
|
|a CZ
|
| 958 |
|
|
|a ME
|
| 958 |
|
|
|a RK
|
| 958 |
|
|
|a RBX
|
| 999 |
|
|
|c 1606813
|d 1608743
|